|
|
|
|
| LEADER |
00000cab a2200000 a 4500 |
| 001 |
vtls008303522 |
| 003 |
SK-MaSNL |
| 005 |
20260304134913.0 |
| 008 |
250505c2005 xo r p 000 b0slo |
| 015 |
|
|
|a SNBRB2005/10SVKPO
|
| 035 |
|
|
|a (uuid)a601096a-1e5a-433b-8365-83982b939b84
|
| 035 |
|
|
|a urn:nbn:sk:snk-abaepp
|
| 035 |
|
|
|a (urnnbn)urn:nbn:sk:snk:ar-a09xe4
|
| 038 |
|
|
|a SVKPOCL
|
| 040 |
|
|
|a SNKBUCL
|b slo
|c SNKBUCL
|e AACR2
|
| 041 |
0 |
|
|a slo
|
| 044 |
|
|
|a xo
|c SK
|
| 080 |
|
|
|a 627.81
|2 UDC-MRF-SK2
|
| 080 |
|
|
|a 908(437.6)
|2 UDC-MRF-SK2
|
| 100 |
1 |
|
|a Bakaljarová, Marta
|4 aut
|9 325518
|
| 245 |
1 |
0 |
|a 40 rokov prevádzky vodárenskej nádrže Hriňová
|c Marta Bakaljarová
|
| 246 |
3 |
|
|a Štyridsať rokov prevádzky vodárenskej nádrže Hriňová
|
| 300 |
|
|
|a Fotogr.
|
| 650 |
0 |
7 |
|a vodné nádrže
|2 svkpocl
|9 4190
|
| 651 |
|
7 |
|a Hriňová (Slovensko : vodná nádrž)
|2 svkpocl
|9 168758
|
| 651 |
|
7 |
|a Detva (Slovensko : okres)
|2 svkpocl
|9 51839
|
| 773 |
0 |
|
|t Vodohospodársky spravodajca
|g Roč. XLVIII, č. 9-10 (2005), s. 12-14
|x 0322-886X
|
| 850 |
|
|
|a Slovenská národná knižnica
|
| 852 |
|
|
|a Slovenská národná knižnica
|
| 958 |
|
|
|a article14
|
| 958 |
|
|
|a OND
|
| 958 |
|
|
|a EUIPO
|
| 999 |
|
|
|c 2908621
|d 2910551
|